| 000 | 00745nam a22001937a 4500 | ||
|---|---|---|---|
| 003 | BD-DhUL | ||
| 005 | 20160821145747.0 | ||
| 008 | 160821s1993 bg ||||| |||| 00| 0 ben | ||
| 040 |
_aBD-DhUL _cBD-DhUL |
||
| 082 |
_a320.54095492 _bJAB |
||
| 100 | 1 | _aজাহাঙ্গীর, বোরহানউদ্দিন খান | |
| 245 | 1 | 0 |
_aবাংলাদেশে জাতীয়তাবাদ এবং মৌলবাদ / _cবোরহানউদ্দিন খান জাহাঙ্গীর |
| 260 |
_aঢাকা : _bআগামী, _c১৯৯৩ |
||
| 300 |
_a৯৩ পৃ. ; _c২২ সেমি. |
||
| 365 |
_aBDT _b60 |
||
| 650 | 0 | _aজাতীয়তাবাদ | |
| 650 | 0 | _aNationalism | |
| 942 |
_2ddc _cBK |
||
| 999 |
_c99892 _d99892 |
||